00369nam a22001337a 450000500170000000800410001704000070005804100120006508200210007710000260009824500360012426000410016065000340020120241217170914.0241217b ||||| |||| 00| 0 eng d cAL aEnglish 223a348.04bEASS a Eastern Book Company aSupreme court cases 1987: Vol 3 aLucknowb Eastern Book Companyc2012 aMode of Citation (1987) 3 SCC